Synthesis of Ni0.5Zn0.5Fe2O4/MWCNT Nano- hybird by Ultra- Sonication Assisted Mehtiod for Enhanced Dielectric Properties / (Record no. 534235)

000 -LEADER
fixed length control field 00538nam a22001457a 4500
020 ## - INTERNATIONAL STANDARD BOOK NUMBER
Qualifying information Hard Cover.
082 ## - DEWEY DECIMAL CLASSIFICATION NUMBER
Classification number 620.44
100 ## - MAIN ENTRY--PERSONAL NAME
Personal name Ali, Shahbaz
245 ## - TITLE STATEMENT
Title Synthesis of Ni0.5Zn0.5Fe2O4/MWCNT Nano- hybird by Ultra- Sonication Assisted Mehtiod for Enhanced Dielectric Properties /
Statement of responsibility, etc. Shahbaz Ali.
260 ## - PUBLICATION, DISTRIBUTION, ETC.
Place of publication, distribution, etc. Islamabad:
Name of publisher, distributor, etc. SCME - NUST,
Date of publication, distribution, etc. 2017.
942 ## - ADDED ENTRY ELEMENTS (KOHA)
Source of classification or shelving scheme
Koha item type Thesis
650 ## - SUBJECT ADDED ENTRY--TOPICAL TERM
Topical term or geographic name entry element Materials & Surface Engineering MS-Thesis.
700 ## - ADDED ENTRY--PERSONAL NAME
Personal name Dr. Iftikhar Hussain Gul.
650 ## - SUBJECT ADDED ENTRY--TOPICAL TERM
-- 21398
700 ## - ADDED ENTRY--PERSONAL NAME
-- 16197
Holdings
Withdrawn status Lost status Source of classification or shelving scheme Damaged status Not for loan Permanent Location Current Location Shelving location Date acquired Total Checkouts Full call number Barcode Date last seen Price effective from Koha item type
          Central Library (CL) Central Library (CL) Thesis 02/10/2020   620.44 CL-T-4937 02/10/2020 02/10/2020 Thesis
© 2023 Central Library, National University of Sciences and Technology. All Rights Reserved.